Statistics for ♫ "Christmas in June" - Lyrics - AJR ♫

Click here to take the quiz!

General Stats

  • This quiz has been taken 90 times
    (86 since last reset)
  • The average score is 343 of 436

Answer Stats

Lyric% Correct
Can
100%
can
100%
Christmas
100%
do
100%
doo,
100%
Doo,
100%
doo
100%
I
100%
In
100%
in
100%
June?
100%
we
100%
We
100%
a
96%
A
96%
miss
96%
on
96%
on,
96%
so
96%
to
96%
(woah)
96%
you
96%
You
96%
have
91%
ba-da-da
87%
(ba-da-da,
87%
ba-da-da,
87%
Ba-da-da,
87%
Ba-da-da-da-da-da
87%
be
87%
But
87%
but
87%
it
87%
it,
87%
just
87%
love?
87%
love
87%
that
87%
the
87%
this,
87%
this
87%
too?
87%
too
87%
an
83%
case
83%
da)
83%
da
83%
my
83%
no
83%
plan
83%
Plan
83%
thing
83%
two
83%
when
83%
would
83%
am
78%
day
78%
Day
78%
day,
78%
Eve
78%
gonna
78%
gym
78%
happy
78%
happy,
78%
How
78%
how
78%
owe
78%
things
78%
won't
78%
You're
78%
are
74%
'em
74%
empty
74%
God,
74%
God
74%
guess
74%
hard
74%
kissin'
74%
longer
74%
New
74%
Oh
74%
Oh,
74%
one
74%
one,
74%
One
74%
Orleans
74%
try
74%
up
74%
we're
74%
were
74%
Year's
74%
lucky
70%
make
70%
played
70%
State
70%
Valentine's
70%
yes,
70%
at
65%
damn
65%
decided
65%
Don't
65%
don't
65%
ever
65%
if
65%
I'm
65%
Iowa
65%
let
65%
me
65%
nobody
65%
Remember
65%
song?
65%
was
65%
whole
65%
blow
61%
down,
61%
easier
61%
festival
61%
fuck
61%
Makes
61%
much
61%
prom
61%
radio
61%
skipped
61%
thought
61%
Tribeca
61%
from
57%
laughing
57%
heard
52%
soon
52%
spot
52%
chuckled
48%
ends
48%
him
48%
know
48%
our
48%
wanna
48%
wedding
48%
hate
43%
Ok,
43%
ready
43%
what
43%
big
39%
falling
39%
name
39%
yeah
39%
yeah,
39%
Yeah,
39%
album
35%
Holy
35%
I'll
35%
lose
35%
show'll
35%
with
35%
And
30%
done
30%
else
30%
get
30%
Hold
30%
kid
30%
little
30%
Now
30%
shit
30%
tour
30%
while
30%
'bout
26%
chose
26%
fun?
26%
less
22%
month
22%
that's
22%
thinking
22%
wouldn't
22%
Darling
17%
sittin',
17%

Score Distribution

Percentile by Number Answered

Percent of People with Each Score

Your Score History

You have not taken this quiz since the last reset